书目信息 |
| 题名: |
艺术市场学
|
|
| 作者: | 章利国 著 | |
| 分册: | ||
| 出版信息: | 杭州 中国美术学院出版社 2003 |
|
| 页数: | 286页 | |
| 开本: | 26cm | |
| 丛书名: | 中国艺术教育大系 | |
| 单 册: | ||
| 中图分类: | J114 | |
| 科图分类: | ||
| 主题词: | 艺术--市场学--高等教育--教材 | |
| 电子资源: | ||
| ISBN: | 7-81083-223-9 | |
| 000 | 00921oam2 2200241 450 | |
| 001 | 0709000051 | |
| 005 | 20070531105555.93 | |
| 010 | @a7-81083-223-9@dCNY38.00 | |
| 100 | @a20046110e20052003ekmy0chiy0110 ea | |
| 101 | 0 | @achi |
| 102 | @aCN@b330000 | |
| 105 | @aa z 000yy | |
| 200 | 1 | @a艺术市场学@AYi Shu Shi Chang Xue@f章利国著 |
| 210 | @a杭州@c中国美术学院出版社@d2003 @h2005 | |
| 215 | @a286页@c图@d26cm | |
| 225 | 2 | @a中国艺术教育大系@i美术卷 |
| 330 | @a艺术市场学是对艺术市场本质和规律作全面科学研究的新兴学科,是艺术学体系中不可缺少的组成部分,本书以美术市场为观察中心,运用多学科结合的研究方法,吸收国外艺术市场研究的有益成果,结合中国艺术市场的实际情况,揭示艺术市场本质特征和运行法则。 | |
| 462 | 0 | @12001 @a中国艺术教育大系@i美术卷 |
| 606 | 0 | @a艺术@x市场学@x高等教育@j教材 |
| 690 | @aJ114@v4 | |
| 701 | 0 | @a章利国@AZhang Li Guo@4著 |
| 801 | 0 | @aCN@bTAOJIN@c20070531 |
| 905 | @a10447@dJ114@e94 | |
| 艺术市场学/章利国著 .-杭州:中国美术学院出版社,2003 (2005) |
| 286页:图;26cm .-(中国艺术教育大系.美术卷 ) |
| ISBN 7-81083-223-9:CNY38.00 |
| 艺术市场学是对艺术市场本质和规律作全面科学研究的新兴学科,是艺术学体系中不可缺少的组成部分,本书以美术市场为观察中心,运用多学科结合的研究方法,吸收国外艺术市场研究的有益成果,结合中国艺术市场的实际情况,揭示艺术市场本质特征和运行法则。 |
| ● |
| 相关链接 |
|
|
|
|
正题名:艺术市场学
索取号:J114/94
 
预约/预借
| 序号 | 登录号 | 条形码 | 馆藏地/架位号 | 状态 | 备注 |
| 1 | 0523813 | 205238134 | 第一样本阅览室/ [索取号:J114/94] | 在馆 | |
| 2 | 0523814 | 205238143 | 第一借阅区/ [索取号:J114/94] | 在馆 | |
| 3 | 0523815 | 205238152 | 第一借阅区/ [索取号:J114/94] | 在馆 |